Caligula / (Record no. 14370)
[ view plain ]
| 000 -LEADER | |
|---|---|
| fixed length control field | 00643nam a22002417a 4500 |
| 001 - CONTROL NUMBER | |
| JCCL Control Number | 14370 |
| 003 - CONTROL NUMBER IDENTIFIER | |
| JCCL marc code | BD-JhCC |
| 005 - DATE AND TIME OF LATEST TRANSACTION | |
| control field | 20250730100955.0 |
| 008 - FIXED-LENGTH DATA ELEMENTS--GENERAL INFORMATION | |
| fixed length control field | 250730b |||||||| |||| 00| 0 eng d |
| 020 ## - INTERNATIONAL STANDARD BOOK NUMBER | |
| International Standard Book Number | 9780141397924 |
| 035 ## - SYSTEM CONTROL NUMBER | |
| system control number | (BD-JhCC) 14370 |
| 040 ## - CATALOGING SOURCE | |
| Original cataloging agency | BD-JhCC |
| Modifying agency | BD-JhCC |
| 041 ## - LANGUAGE CODE | |
| Language code of Book | eng |
| 082 ## - DEWEY DECIMAL CLASSIFICATION NUMBER | |
| DDC Edition number | 23 |
| Classification number | 823 |
| Author mark and Year | SUE |
| 100 ## - MAIN ENTRY--PERSONAL NAME | |
| Personal name | Suetonius |
| 245 ## - TITLE STATEMENT | |
| Title | Caligula / |
| Statement of responsibility, etc | Suetonius, Translated by Robert Graves |
| 260 ## - PUBLICATION, DISTRIBUTION, ETC. (IMPRINT) | |
| Place of publication, distribution, etc | India: |
| Name of publisher, distributor, etc | Penguin Classics, |
| Date of publication, distribution, etc | 2015 |
| 300 ## - PHYSICAL DESCRIPTION | |
| Pagination | 57 p.; |
| Dimensions | 16 cm. |
| Accompanying material | Paper binding |
| 490 ## - SERIES STATEMENT | |
| Series statement | Penguin Little Black Classics, |
| Volume number/sequential designation | 17 |
| 650 ## - SUBJECT ADDED ENTRY--TOPICAL TERM | |
| Topical term or geographic name as entry element | English Fiction |
| 700 ## - ADDED ENTRY--PERSONAL NAME | |
| Personal name | Graves,Robert |
| 942 ## - ADDED ENTRY ELEMENTS (KOHA) | |
| Source of classification or shelving scheme | Dewey Decimal Classification |
| Koha item type | Books |
| Source of classification or shelving scheme | Damaged status | Not for loan | Collection code | Home library | Current library | Shelving location | Date of accession | Total Checkouts | Full call number | Barcode | Date last seen | Copy number | Koha item type |
|---|---|---|---|---|---|---|---|---|---|---|---|---|---|
| Dewey Decimal Classification | Fiction | JCC Rouf Library | JCC Rouf Library | General Stacks | 823 SUE | 20120 | 07/30/2025 | C-1 | Books |